[Event "CZE-chT2E 1415"]
[Site "Czech Republic"]
[Date "2015.02.22"]
[Round "8.7"]
[White "Chladek, Vaclav"]
[Black "Kasik, Miroslav1"]
[Result "1/2-1/2"]
[WhiteElo "2060"]
[BlackElo "1985"]
[PlyCount "34"]
[EventDate "2014.11.02"]
[EventType "team-tourn"]
[EventRounds "11"]
[EventCountry "CZE"]
[SourceTitle "EXT 2022"]
[Source "ChessBase"]
[SourceDate "2021.10.06"]
[SourceVersion "1"]
[SourceVersionDate "2021.10.06"]
[SourceQuality "1"]
[WhiteTeam "Lipovec Garde"]
[BlackTeam "Kromeriz Slavia II"]
[WhiteTeamCountry "CZE"]
[BlackTeamCountry "CZE"]

1. e4 Nf6 2. e5 Nd5 3. d4 d6 4. c4 Nb6 5. exd6 exd6 6. Nc3 Bf5 7. Qf3 Qd7 8. Qxb7 Nc6 9. Nd5 Rb8 10. Qxc7 Nxd5 11. Qxd7+ Kxd7 12. cxd5 Nxd4 13. Kd2 Be4 14. Nh3 Nc2 15. f3 Bf5 16. Rb1 Na3 17. Ra1 Nc2 1/2-1/2

[Event "Brno op 3rd"]
[Site "Brno"]
[Date "2012.11.15"]
[Round "7"]
[White "Wojtczak, Maciej"]
[Black "Chladek, Vaclav"]
[Result "1-0"]
[WhiteElo "2219"]
[BlackElo "2020"]
[PlyCount "61"]
[EventDate "2012.11.10"]
[EventType "swiss"]
[EventRounds "9"]
[EventCountry "CZE"]
[SourceTitle "CBM 151 Extra"]
[Source "ChessBase"]
[SourceDate "2012.12.18"]
[SourceVersion "1"]
[SourceVersionDate "2012.12.18"]
[SourceQuality "1"]

1. Nf3 d5 2. g3 Nf6 3. Bg2 c6 4. 0-0 Bf5 5. d3 e6 6. c4 Be7 7. cxd5 exd5 8. Be3 Nbd7 9. Qb3 Qc8 10. Nc3 0-0 11. Rac1 Nc5 12. Qa3 Nxd3 13. Qxe7 Nxc1 14. Rxc1 Re8 15. Qb4 Qd7 16. Bd4 Qe7 17. Qxe7 Rxe7 18. Bxf6 gxf6 19. Nd4 Bg6 20. Bf3 Rd8 21. h4 h6 22. b4 Re5 23. e3 Kg7 24. Nce2 Bd3 25. Nf4 Bc4 26. a3 Kh7 27. Bg4 a5 28. Bf5+ Kh8 29. Nh5 Rd6 30. g4 b6 31. Bc2 1-0

[Event "Brno op 3rd"]
[Site "Brno"]
[Date "2012.11.10"]
[Round "1"]
[White "Potapova, Tatiana"]
[Black "Chladek, Vaclav"]
[Result "0-1"]
[WhiteElo "1637"]
[BlackElo "2020"]
[PlyCount "92"]
[EventDate "2012.11.10"]
[EventType "swiss"]
[EventRounds "9"]
[EventCountry "CZE"]
[SourceTitle "CBM 151 Extra"]
[Source "ChessBase"]
[SourceDate "2012.12.18"]
[SourceVersion "1"]
[SourceVersionDate "2012.12.18"]
[SourceQuality "1"]

1. d4 d5 2. Nf3 Nf6 3. g3 c6 4. Bg2 Bf5 5. c3 e6 6. Bf4 Nbd7 7. Qb3 Qb6 8. Qxb6 axb6 9. Nbd2 Be7 10. h3 h6 11. Ne5 c5 12. Nxd7 Nxd7 13. e4 dxe4 14. Bxe4 Bxe4 15. Nxe4 Nf6 16. Nd6+ Bxd6 17. Bxd6 c4 18. 0-0 Nd5 19. a3 Kd7 20. Bb4 h5 21. Rab1 Kc6 22. b3 b5 23. bxc4 bxc4 24. Rfc1 Ra4 25. Rb2 h4 26. Kg2 b6 27. Re1 Rha8 28. Rc1 hxg3 29. fxg3 R8a7 30. Bf8 g6 31. Bb4 Nc7 32. Rcb1 Nd5 33. Rc1 Ra8 34. Rf2 R8a7 35. Kh2 Nxb4 36. axb4 Ra2 37. Rcc2 Rxc2 38. Rxc2 Ra3 39. Kg2 Kb5 40. Kf2 Ka4 41. Ke3 Kb3 42. Rc1 Ra2 43. d5 exd5 44. Kd4 Rd2+ 45. Ke5 Kb2 46. Rf1 Kxc3 0-1

[Event "Rychnov Seniors op"]
[Site "Rychnov nad Kneznou"]
[Date "2012.08.28"]
[Round "9"]
[White "Lorenc, Oldrich"]
[Black "Chladek, Vaclav"]
[Result "1/2-1/2"]
[WhiteElo "2139"]
[BlackElo "2027"]
[PlyCount "27"]
[EventDate "2012.08.20"]
[EventType "swiss"]
[EventRounds "9"]
[EventCountry "CZE"]
[SourceTitle "CBM 150 Extra"]
[Source "ChessBase"]
[SourceDate "2012.10.19"]
[SourceVersion "1"]
[SourceVersionDate "2012.10.19"]
[SourceQuality "1"]

1. Nf3 d5 2. g3 Nf6 3. Bg2 Bf5 4. 0-0 e6 5. c4 Be7 6. b3 c6 7. Bb2 Nbd7 8. d3 h6 9. Nbd2 0-0 10. Re1 Bg6 11. Qc2 Rc8 12. Rac1 Ne8 13. e4 dxe4 14. dxe4 1/2-1/2

[Event "Rychnov Seniors op"]
[Site "Rychnov nad Kneznou"]
[Date "2012.08.27"]
[Round "8"]
[White "Chladek, Vaclav"]
[Black "Jerman, Richard"]
[Result "1/2-1/2"]
[WhiteElo "2027"]
[BlackElo "2107"]
[PlyCount "21"]
[EventDate "2012.08.20"]
[EventType "swiss"]
[EventRounds "9"]
[EventCountry "CZE"]
[SourceTitle "CBM 150 Extra"]
[Source "ChessBase"]
[SourceDate "2012.10.19"]
[SourceVersion "1"]
[SourceVersionDate "2012.10.19"]
[SourceQuality "1"]

1. e4 c6 2. d4 g6 3. Nf3 d5 4. e5 h5 5. Bd3 Bg4 6. Nbd2 e6 7. h3 Bxf3 8. Nxf3 Nd7 9. c3 Ne7 10. Bg5 Qb6 11. Qc2 1/2-1/2

[Event "Rychnov Seniors op"]
[Site "Rychnov nad Kneznou"]
[Date "2012.08.23"]
[Round "4"]
[White "Humlicek, Vojtech"]
[Black "Chladek, Vaclav"]
[Result "1-0"]
[WhiteElo "1959"]
[BlackElo "2027"]
[PlyCount "101"]
[EventDate "2012.08.20"]
[EventType "swiss"]
[EventRounds "9"]
[EventCountry "CZE"]
[SourceTitle "CBM 150 Extra"]
[Source "ChessBase"]
[SourceDate "2012.10.19"]
[SourceVersion "1"]
[SourceVersionDate "2012.10.19"]
[SourceQuality "1"]

1. e4 e5 2. Nf3 Nc6 3. Bb5 a6 4. Ba4 Nf6 5. 0-0 Be7 6. Re1 b5 7. Bb3 0-0 8. c3 d6 9. d4 Bg4 10. d5 Na5 11. Qd3 c5 12. dxc6 Nxb3 13. axb3 Qc7 14. Bg5 Qxc6 15. Bxf6 Bxf6 16. b4 Bd8 17. h3 Be6 18. Nbd2 f5 19. Rad1 Be7 20. Qe2 Rae8 21. exf5 Bxf5 22. Ne4 h6 23. Qe3 Rf7 24. Rd2 Ref8 25. Kh2 g5 26. Ng3 Bg6 27. Rde2 Kg7 28. Rd1 Qc8 29. Nd2 g4 30. Nde4 Rd8 31. Qb6 d5 32. Nc5 Rd6 33. Qb7 Qd8 34. Rxd5 Bf6 35. Rxd6 Qxd6 36. Qxa6 Qb8 37. hxg4 Bh4 38. Nh5+ Kh7 39. g3 e4 40. Kh3 Bxh5 41. gxh5 Rg7 42. Nxe4 Be7 43. Qc6 Qe5 44. g4 Kh8 45. Qc8+ Rg8 46. Qf5 Qg7 47. Ng3 Bg5 48. Qe4 Rf8 49. Nf5 Qf7 50. Nh4 Bxh4 51. Kxh4 1-0

[Event "CZE-chT1E 1112"]
[Site "Czech Republic"]
[Date "2012.01.29"]
[Round "7.5"]
[White "Zatloukal, Petr"]
[Black "Chladek, Vaclav"]
[Result "1-0"]
[WhiteElo "2139"]
[BlackElo "2041"]
[PlyCount "55"]
[EventDate "2011.10.02"]
[EventType "team-tourn"]
[EventRounds "11"]
[EventCountry "CZE"]
[SourceTitle "EXT 2013"]
[Source "ChessBase"]
[SourceDate "2012.11.22"]
[SourceVersion "1"]
[SourceVersionDate "2012.11.22"]
[SourceQuality "1"]
[WhiteTeam "Grygov II"]
[BlackTeam "Kromeriz"]
[WhiteTeamCountry "CZE"]
[BlackTeamCountry "CZE"]

1. e4 e5 2. Nf3 Nc6 3. Bc4 Nf6 4. d4 exd4 5. e5 d5 6. Bb5 Ne4 7. Nxd4 Bd7 8. Bxc6 bxc6 9. 0-0 Bc5 10. Be3 0-0 11. f3 Ng5 12. f4 Ne4 13. Nd2 Nxd2 14. Qxd2 Qe7 15. Rae1 Bb6 16. Nf3 Bf5 17. Bxb6 axb6 18. Nd4 Qd7 19. a3 Ra4 20. c3 Rd8 21. h3 h5 22. Qd1 Rc4 23. Qxh5 Bg6 24. Qg5 Be4 25. f5 Qe8 26. f6 Bg6 27. Nf5 gxf6 28. exf6 1-0

[Event "Nachod op 9th"]
[Site "Nachod"]
[Date "2011.07.08"]
[Round "7"]
[White "Chladek, Vaclav"]
[Black "Horak, Ales"]
[Result "1/2-1/2"]
[WhiteElo "2045"]
[BlackElo "1583"]
[PlyCount "102"]
[EventDate "2011.07.02"]
[EventType "swiss"]
[EventRounds "9"]
[EventCountry "CZE"]
[SourceTitle "EXT 2012"]
[Source "ChessBase"]
[SourceDate "2011.11.24"]
[SourceVersion "1"]
[SourceVersionDate "2011.11.24"]
[SourceQuality "1"]

1. e4 c5 2. d4 cxd4 3. c3 dxc3 4. Nxc3 e6 5. Nf3 Bc5 6. Bc4 Ne7 7. 0-0 0-0 8. Qe2 a6 9. a4 Nec6 10. Rd1 Na5 11. Ba2 Nbc6 12. e5 Nb4 13. Ne4 Nxa2 14. Rxa2 Be7 15. Bg5 b6 16. Ra3 Bb7 17. Bxe7 Qxe7 18. Nd6 Bd5 19. Nd4 f6 20. N4f5 exf5 21. Rxd5 fxe5 22. Re3 Nc6 23. Nc4 b5 24. Nxe5 Nxe5 25. Rexe5 Qf7 26. Qd1 Ra7 27. axb5 axb5 28. h3 Rfa8 29. Kh2 g6 30. Rxb5 Qf6 31. Qd4 d6 32. Qd5+ Qf7 33. Qxd6 Rd7 34. Qc6 Rad8 35. Re2 Rd6 36. Qc3 Rd3 37. Qc2 Qd7 38. Qc4+ Kh8 39. Rb4 Qd6+ 40. Qf4 Qd7 41. g3 Rd2 42. Rb7 Rxe2 43. Rxd7 Rxd7 44. Kg2 Rb7 45. Qd4+ Rg7 46. Qd8+ Rg8 47. Qd4+ Rg7 48. b4 Re4 49. Qd8+ Rg8 50. Qf6+ Rg7 51. h4 h5 1/2-1/2

[Event "Nachod op 9th"]
[Site "Nachod"]
[Date "2011.07.07"]
[Round "6.23"]
[White "Gogela, Jan"]
[Black "Chladek, Vaclav"]
[Result "1-0"]
[WhiteElo "1942"]
[BlackElo "2045"]
[PlyCount "79"]
[EventDate "2011.07.02"]
[EventType "swiss"]
[EventRounds "9"]
[EventCountry "CZE"]
[SourceTitle "EXT 2012"]
[Source "ChessBase"]
[SourceDate "2011.11.24"]
[SourceVersion "1"]
[SourceVersionDate "2011.11.24"]
[SourceQuality "1"]

1. e4 e5 2. Nf3 Nc6 3. Bb5 d6 4. d4 exd4 5. Nxd4 Bd7 6. Nc3 Nf6 7. Bg5 Be7 8. 0-0 0-0 9. f4 h6 10. Bh4 Nxe4 11. Bxe7 Qxe7 12. Re1 d5 13. Nb3 Qb4 14. Rxe4 dxe4 15. Qxd7 a6 16. a3 Qd6 17. Qxd6 cxd6 18. Bxc6 bxc6 19. Nxe4 Rfe8 20. Nxd6 Re2 21. Rc1 Rd8 22. Kf1 Re6 23. Nb7 Rd5 24. c4 Rf5 25. g3 Rh5 26. Rc2 Re3 27. N3c5 a5 28. b4 Rxa3 29. bxa5 g5 30. f5 g4 31. Rf2 Rh3 32. Nd7 h5 33. Ne5 c5 34. Nxc5 Rxa5 35. Ncd3 h4 36. Kg2 hxg3 37. hxg3 Rh5 38. Nxg4 Kg7 39. f6+ Kg6 40. c5 1-0

[Event "Litomysl op 12th"]
[Site "Litomysl"]
[Date "2010.12.30"]
[Round "6"]
[White "Navratil, Jiri2"]
[Black "Chladek, Vaclav"]
[Result "1/2-1/2"]
[WhiteElo "1996"]
[BlackElo "2099"]
[PlyCount "58"]
[EventDate "2010.12.26"]
[EventType "swiss"]
[EventRounds "9"]
[EventCountry "CZE"]
[SourceTitle "CBM 140 Extra"]
[Source "ChessBase"]
[SourceDate "2011.03.01"]
[SourceVersion "1"]
[SourceVersionDate "2011.03.01"]
[SourceQuality "1"]

1. e4 e5 2. Nf3 Nc6 3. Nc3 Nf6 4. d4 d6 5. dxe5 Nxe5 6. Nxe5 dxe5 7. Qxd8+ Kxd8 8. Bg5 c6 9. 0-0-0+ Kc7 10. Bc4 Be6 11. Bxe6 fxe6 12. f3 Bc5 13. a3 Rhf8 14. b4 Bd6 15. Rd3 b5 16. Rhd1 Rfd8 17. Be3 Ne8 18. Kb2 a5 19. Kb3 a4+ 20. Kb2 Be7 21. Ne2 Nd6 22. Ka2 Nc4 23. Bf2 Rac8 24. Ng3 Bh4 25. Bc5 g6 26. Nf1 Bg5 27. h3 h5 28. Bf2 Bf4 29. Bc5 Bg5 1/2-1/2

[Event "Litomysl op 12th"]
[Site "Litomysl"]
[Date "2010.12.27"]
[Round "2"]
[White "Bernasek, Jan"]
[Black "Chladek, Vaclav"]
[Result "1-0"]
[WhiteElo "2490"]
[BlackElo "2099"]
[PlyCount "74"]
[EventDate "2010.12.26"]
[EventType "swiss"]
[EventRounds "9"]
[EventCountry "CZE"]
[SourceTitle "CBM 140 Extra"]
[Source "ChessBase"]
[SourceDate "2011.03.01"]
[SourceVersion "1"]
[SourceVersionDate "2011.03.01"]
[SourceQuality "1"]

1. c4 c6 2. Nf3 Nf6 3. Nc3 d5 4. e3 a6 5. Qc2 e6 6. d4 Be7 7. Bd3 Nbd7 8. 0-0 0-0 9. b3 Re8 10. Bb2 Bd6 11. e4 dxe4 12. Nxe4 Nxe4 13. Bxe4 Nf8 14. Rad1 Qe7 15. Rfe1 Bd7 16. Bc1 Rac8 17. Bg5 f6 18. Bh4 Qf7 19. Bg3 Be7 20. c5 Red8 21. Bd3 Be8 22. Qc3 Qh5 23. Nd2 Rd7 24. Nc4 Bd8 25. Nd6 Ra8 26. Be2 Qg6 27. Bc4 Bf7 28. b4 Bc7 29. Rd2 Bxd6 30. Bxd6 Re8 31. Re3 Qf5 32. h3 g5 33. Bd3 Qd5 34. Be4 Rxd6 35. Bxd5 Rxd5 36. h4 gxh4 37. Re4 Ng6 1-0

[Event "Rychnov op"]
[Site "Rychnov nad Kneznou"]
[Date "2010.08.27"]
[Round "5"]
[White "Papacek, Milos"]
[Black "Chladek, Vaclav"]
[Result "1/2-1/2"]
[WhiteElo "1951"]
[BlackElo "2091"]
[PlyCount "32"]
[EventDate "2010.08.23"]
[EventType "swiss"]
[EventRounds "7"]
[EventCountry "CZE"]
[SourceTitle "CBM 138 Extra"]
[Source "ChessBase"]
[SourceDate "2010.10.29"]
[SourceVersion "1"]
[SourceVersionDate "2010.10.29"]
[SourceQuality "1"]

1. e4 e5 2. Nf3 Nc6 3. Bb5 a6 4. Ba4 Nf6 5. 0-0 Be7 6. Re1 b5 7. Bb3 0-0 8. d4 exd4 9. e5 Ne8 10. Bd5 Rb8 11. Nxd4 Nxd4 12. Qxd4 c5 13. Qg4 d6 14. e6 Kh8 15. c4 Nf6 16. Qe2 bxc4 1/2-1/2

[Event "Rychnov op"]
[Site "Rychnov nad Kneznou"]
[Date "2010.08.24"]
[Round "2"]
[White "Chladek, Vaclav"]
[Black "Wiedermann, Jan"]
[Result "1-0"]
[WhiteElo "2091"]
[BlackElo "1765"]
[PlyCount "41"]
[EventDate "2010.08.23"]
[EventType "swiss"]
[EventRounds "7"]
[EventCountry "CZE"]
[SourceTitle "CBM 138 Extra"]
[Source "ChessBase"]
[SourceDate "2010.10.29"]
[SourceVersion "1"]
[SourceVersionDate "2010.10.29"]
[SourceQuality "1"]

1. e4 c5 2. c3 Nc6 3. d4 cxd4 4. cxd4 d5 5. exd5 Qxd5 6. Nf3 Nf6 7. Nc3 Qa5 8. d5 Nb8 9. Bc4 Nbd7 10. 0-0 a6 11. Bd2 Qc5 12. Qe2 Nb6 13. Bb3 Nbxd5 14. Nxd5 Nxd5 15. Rac1 Qd6 16. Rfd1 Be6 17. a3 Nf6 18. Ba5 Qf4 19. Bxe6 fxe6 20. Qxe6 Ng4 21. Rc4 1-0

[Event "Brno Duras IM-B"]
[Site "Brno"]
[Date "2008.07.05"]
[Round "10"]
[White "Murdzia, Piotr"]
[Black "Chladek, Vaclav"]
[Result "1-0"]
[WhiteElo "2471"]
[BlackElo "2161"]
[PlyCount "49"]
[EventDate "2008.06.27"]
[EventType "tourn"]
[EventRounds "11"]
[EventCountry "CZE"]
[EventCategory "1"]
[SourceTitle "CBM 125 Extra"]
[Source "ChessBase"]
[SourceDate "2008.09.01"]
[SourceVersion "1"]
[SourceVersionDate "2008.09.01"]
[SourceQuality "1"]

1. d4 Nf6 2. c4 c6 3. Nc3 d5 4. Nf3 a6 5. c5 Bf5 6. Bf4 Nbd7 7. g3 e6 8. Bg2 Be7 9. 0-0 Ne4 10. Qb3 Ra7 11. Rad1 0-0 12. Ne5 Nef6 13. Nxd7 Nxd7 14. Na4 Qa5 15. Nc3 e5 16. Bd2 exd4 17. Nxd5 Qd8 18. Ba5 Qe8 19. Bb6 Ra8 20. Nc7 Qc8 21. Nxa8 Qxa8 22. Rxd4 Bxc5 23. Bxc5 Nxc5 24. Qb6 Nd7 25. Qc7 1-0

[Event "CZE-chT2d 0607"]
[Site "Czech Republic"]
[Date "2007.03.11"]
[Round "9"]
[White "Varejcko, Josef"]
[Black "Chladek, Vaclav"]
[Result "1/2-1/2"]
[WhiteElo "2205"]
[BlackElo "2160"]
[PlyCount "39"]
[EventDate "2006.10.15"]
[EventType "team-tourn"]
[EventRounds "11"]
[EventCountry "CZE"]
[SourceTitle "EXT 2009"]
[Source "ChessBase"]
[SourceDate "2008.11.26"]
[SourceVersion "1"]
[SourceVersionDate "2008.11.26"]
[SourceQuality "1"]

1. d4 d5 2. Nf3 Nf6 3. g3 c6 4. Bg2 Bf5 5. 0-0 e6 6. c4 Be7 7. Nc3 Nbd7 8. b3 Ne4 9. Nxe4 Bxe4 10. Bb2 0-0 11. Bh3 Qa5 12. Nd2 Bg6 13. f3 Bb4 14. Nb1 Nf6 15. a3 Bd6 16. b4 Qa6 17. c5 Bc7 18. Nd2 Rfe8 19. f4 Bf5 20. Bg2 1/2-1/2

[Event "CZE-chT2d 0607"]
[Site "Czech Republic"]
[Date "2007.02.11"]
[Round "7"]
[White "Kulovana, Eva"]
[Black "Chladek, Vaclav"]
[Result "1/2-1/2"]
[WhiteElo "2263"]
[BlackElo "2160"]
[PlyCount "106"]
[EventDate "2006.10.15"]
[EventType "team-tourn"]
[EventRounds "11"]
[EventCountry "CZE"]
[SourceTitle "EXT 2009"]
[Source "ChessBase"]
[SourceDate "2008.11.26"]
[SourceVersion "1"]
[SourceVersionDate "2008.11.26"]
[SourceQuality "1"]

1. e4 e5 2. Nf3 Nc6 3. Bb5 a6 4. Ba4 Nf6 5. d3 d6 6. c3 Be7 7. Nbd2 0-0 8. Nf1 b5 9. Bc2 d5 10. Qe2 Re8 11. Ng3 Bf8 12. 0-0 h6 13. a4 b4 14. a5 Bd7 15. Bb3 d4 16. cxd4 exd4 17. Bf4 Bd6 18. Bxd6 cxd6 19. Qd2 Nxa5 20. Qxb4 Nxb3 21. Qxb3 Rb8 22. Qa3 Qb6 23. Qxa6 Qxb2 24. Qxd6 Bb5 25. Rfb1 Qc3 26. Qxd4 Qxd3 27. Nf5 Qxd4 28. N3xd4 Bd3 29. Rxb8 Rxb8 30. f3 Rb1+ 31. Rxb1 Bxb1 32. Kf2 Kf8 33. Ke3 Ng8 34. Nc6 Bc2 35. Nb4 Ba4 36. e5 Bd7 37. Nd4 Ne7 38. Ke4 Bc8 39. Nb5 Bb7+ 40. Kd4 Nf5+ 41. Kc5 Nh4 42. Kb6 Bxf3 43. gxf3 Nxf3 44. Nd3 Nxh2 45. Kc6 h5 46. Nd6 Nf3 47. Kd5 Ng5 48. Nf4 h4 49. Nf5 h3 50. Ng3 h2 51. Nd3 g6 52. Kd4 Ke7 53. Nf2 f6 1/2-1/2